Guess the Olivia Rodrigo song with no hints #5 - Statistics

General Stats
  • This quiz has been taken 148 times
  • The average score is 197 of 334
Answer Stats
Lyrics % Correct
I
98%
a
96%
you
91%
the
86%
The
86%
And
84%
and
84%
go
84%
he
81%
me
80%
on
78%
to
78%
do
76%
it
76%
my
76%
your
75%
when
74%
is
72%
So
71%
La-la-la-la-la-la
70%
no
70%
know,
69%
know
69%
all
67%
I'm
67%
did
66%
of
66%
it's
65%
It's
65%
like
65%
like,
65%
that
63%
don't
62%
got
60%
Oh,
60%
get
59%
what
59%
Can't
58%
should
58%
with
58%
was
57%
think
56%
out
55%
tell
54%
time
54%
time,
54%
"how
53%
say?
53%
shouldn't
53%
up
53%
Every
52%
hate
51%
told
51%
Told
51%
But
50%
step
50%
this
50%
fell
49%
made
49%
Made
49%
secrets
49%
wanna
49%
at
48%
broke
48%
over
48%
worse
48%
Cat
47%
die
47%
glass,
47%
guy
47%
guy,
47%
his
47%
outside
47%
outside,
47%
social
47%
suicide
47%
suicide,
47%
tripped
47%
night
46%
night,
46%
right
46%
weird,
46%
fun,
45%
God,
45%
doesn't
44%
done,
44%
Each
44%
gay
44%
guess
44%
Guess
44%
words
44%
clothes
43%
Everything
43%
inside
43%
joke
43%
along
41%
anyone
41%
Blood
41%
Feels
41%
makin'
41%
party's
41%
skin
41%
stumbled
41%
Stumbled
41%
tongue
41%
wrong
41%
yeah,
41%
Ah,
40%
ah,
40%
ah
40%
bones
40%
cold
40%
curl
40%
day
40%
talked
40%
after
39%
greatest
39%
Thought
39%
panic
38%
runnin'
38%
start
38%
fit
37%
morning
37%
tragic
37%
boys,
36%
type
36%
let
35%
swore
35%
whole
35%
alive,
34%
Called
34%
conversation?"
34%
hot
34%
mom
34%
name
34%
laughed
33%
line
33%
sat
33%
still
33%
then
33%
third
33%
website
33%
fine
32%
Searchin'
32%
wife
32%
twice
31%
alone,
30%
shocked
22%
No matching quizzes found
Score Distribution
Percent of People with Each Score
Percentile by Number Answered
Your Score History
You have not taken this quiz